LIBRARY & INFORMATION CENTRE, KCAET, TAVANUR

ONLINE PUBLIC ACCESS CATALOGUE (OPAC)

Modern school atlas / (Record no. 8882)

MARC details
000 -LEADER
fixed length control field 00375cam a2200157ua 4500
041 ## - LANGUAGE CODE
Language code of text/sound track or separate title eng
082 ## - DEWEY DECIMAL CLASSIFICATION NUMBER
Classification number 028.79
Item number POO/MO
100 ## - MAIN ENTRY--AUTHOR NAME
Personal name Poovendran, P .
245 ## - TITLE STATEMENT
Title Modern school atlas /
250 ## - EDITION STATEMENT
Edition statement 1 /
260 ## - PUBLICATION, DISTRIBUTION, ETC. (IMPRINT)
Place of publication Madras :
Name of publisher Pharma Limited ,
Year of publication 1991.
300 ## - PHYSICAL DESCRIPTION
Number of Pages 97 ; .
942 ## - ADDED ENTRY ELEMENTS (KOHA)
Koha item type Books
Holdings
Withdrawn status Lost status Damaged status Home library Current library Date acquired Full call number Accession Number Koha item type
      KAUAET KAUAET 07/04/2012 028.79 18919 Books
free website counter